000 00474nam a2200217 454500
001 078885
003 BD-ChCU
008 Eng
020 _ax
040 _aDLC
_cDLC
_dBD-ChCU
082 0 0 _a157/MCO
100 1 _aMcdougall, William
_bx
245 1 0 _aAn outline of abnormal psychology
_bx
250 _ax
260 _aLond,
_bMethuen,
_c1960
300 _axvii,572p.
504 _a
650 0 _aPsychology
_bPsychology
700 1 _ax
942 _2ddc
_cBK
999 _c78885
_d78885